000 00934cam a2200289 i 4500
001 768714001
003 CO-MdBIC
005 20240415151043.0
007 ta
008 231120t1993 sp ||||| |||| 00| 0 spa d
020 _a84-7151-931-3
040 _bspa.
_aCO-MdFUSB
_cCO-MdFUSB
_dCO-MdFUSBC
_erda
041 _aspa
082 0 4 _aG 230.09 G4641i
100 1 _aGilbert, Paul P. (1945-)
245 1 0 _aIntroducción a la teología medieval
_c/ Paul P. Gilbert ; traducido por Alfonso Ortiz García
264 1 _aEstella, Navarra : Verbo Divino
_bVerbo Divino,
_c[1993]
264 4 _c©1993
300 _a196 Pag
_c;
336 _atexto
_btxt
_2rdacontent
337 _2rdamedia
_asin mediación
_bn
338 _2rdacarrier
_avolumen
_bnc
500 _aTítulo original : Introduction á la théologie médiévale
650 1 0 _aTeología dogmática
_91260
_xHistoria
_yEdad Media, 600-1500
942 _cBK
945 _aJohan1477
999 _c34195
_d34195